[Event "C.ti d'Italia"]
[Site "Arvier ITA"]
[Date "2009.10.02"]
[Round "7"]
[White "Trifoni, Giorgio"]
[Black "Bogatto, Mario"]
[Result "1-0"]
[WhiteElo "1639"]
[BlackElo "1455"]
[PlyCount "79"]
[EventDate "2009.09.26"]

1. Nf3 d5 2. d4 Nf6 3. e3 e6 4. c4 c6 5. Nc3 Be7 6. Bd3 dxc4 7. Bxc4 Nbd7 8.
Qc2 Nb6 9. Bd3 Nbd5 10. a3 Qa5 11. O-O Nxc3 12. bxc3 Qc7 13. a4 h6 14. Ba3 Nd5
15. Bxe7 Qxe7 16. Rfb1 f5 17. Ne5 Qf6 18. c4 Ne7 19. f4 O-O 20. a5 Re8 21. Qf2
Ng6 22. Nxg6 Qxg6 23. Re1 Bd7 24. c5 Rab8 25. Rab1 a6 26. Rb2 Red8 27. Reb1 Be8
28. Bxa6 Ra8 29. Bxb7 Rxa5 30. Rb6 Rb5 31. R6xb5 cxb5 32. c6 Qf7 33. Rxb5 Qc7
34. Rc5 Rd6 35. Qc2 Kf7 36. e4 Rxd4 37. exf5 Qxf4 38. fxe6+ Kf6 39. c7 Qe3+ 40.
Qf2+ 1-0

[Event "C.ti d'Italia"]
[Site "Arvier ITA"]
[Date "2009.10.03"]
[Round "8"]
[White "Amalfitano, Giovanni"]
[Black "Badano, Giancarlo"]
[Result "1/2-1/2"]
[WhiteElo "1620"]
[BlackElo "1951"]
[PlyCount "104"]
[EventDate "2009.09.26"]

1. e4 e6 2. d3 d5 3. Nd2 c5 4. Ngf3 Nc6 5. g3 Nf6 6. Bg2 Be7 7. O-O O-O 8. Re1
d4 9. a4 b6 10. Nc4 Bb7 11. Bg5 a6 12. Qe2 b5 13. axb5 axb5 14. Nce5 Nd7 15.
Bxe7 Qxe7 16. Nxd7 Qxd7 17. Bh3 Rxa1 18. Rxa1 Ra8 19. Rxa8+ Bxa8 20. Nh4 Ne7
21. f4 Qa7 22. Kf2 Bc6 23. Nf3 g6 24. Ne5 Qc7 25. Qd2 Kg7 26. b3 Bb7 27. c4 f6
28. Nf3 bxc4 29. bxc4 Qb6 30. g4 f5 31. gxf5 exf5 32. e5 Bxf3 33. Kxf3 Qb7+ 34.
Kg3 Qb1 35. Bg2 Qg1 36. Qf2 Qd1 37. Qf3 Qxf3+ 38. Bxf3 h6 39. h4 Kf7 40. Bd5+
Ke8 41. Kf3 Kd7 42. Ke2 Kc7 43. Bg2 Kb6 44. Kf3 Ka5 45. Kg3 h5 46. Kf2 Kb4 47.
Ke1 Kc3 48. Bf1 Kc2 49. Be2 Kc1 50. Bd1 Nc6 51. Ba4 Ne7 52. Ke2 Ng8 1/2-1/2

[Event "C.ti d'Italia"]
[Site "Arvier ITA"]
[Date "2009.10.03"]
[Round "8"]
[White "Baloire, Endy"]
[Black "Roversi, Stefano"]
[Result "1-0"]
[WhiteElo "1895"]
[BlackElo "1824"]
[PlyCount "131"]
[EventDate "2009.09.26"]

1. e4 c5 2. Nc3 Nc6 3. g3 Nf6 4. Bg2 g6 5. d3 d6 6. f4 Bg7 7. Nf3 O-O 8. O-O
Bg4 9. Ne2 Qc8 10. c3 Bh3 11. Ng5 Bxg2 12. Kxg2 h6 13. Nf3 b5 14. h3 b4 15. c4
a5 16. Be3 a4 17. Rb1 Nd7 18. Qd2 Kh7 19. f5 Nce5 20. g4 Nxf3 21. Rxf3 Ne5 22.
Rg3 g5 23. Rh1 f6 24. h4 Kg8 25. hxg5 hxg5 26. Bxg5 fxg5 27. Qxg5 Rf6 28. Rgh3
Nf7 29. Qf4 d5 30. g5 Rfa6 31. g6 Nh8 32. Rh7 Nxg6 33. Qg5 Qe8 34. Kg1 dxe4 35.
Nf4 Qf7 36. Nxg6 Bd4+ 37. Kg2 Rxg6 38. Qxg6+ Qxg6+ 39. fxg6 exd3 40. Rxe7 Rf8
41. Rf1 Rxf1 42. Kxf1 Bxb2 43. Rd7 Bd4 44. Ke1 b3 45. axb3 axb3 46. Kd2 b2 47.
Rb7 Kf8 48. Kxd3 Be5 49. Ke4 Bc3 50. Kd5 Bb4 51. Rf7+ Kg8 52. Rf1 Kg7 53. Rb1
Ba3 54. Rg1 Bb4 55. Kc6 Ba3 56. Kb5 Bb4 57. Rb1 Ba3 58. Ka4 Bb4 59. Rxb2 Kxg6
60. Rxb4 cxb4 61. Kxb4 Kf6 62. Kc5 Ke7 63. Kc6 Kd8 64. c5 Kc8 65. Kd6 Kd8 66.
c6 1-0

[Event "C.ti d'Italia"]
[Site "Arvier ITA"]
[Date "2009.10.03"]
[Round "8"]
[White "Castaldo, Antonio"]
[Black "Bogatto, Mario"]
[Result "1-0"]
[WhiteElo "1730"]
[BlackElo "1455"]
[PlyCount "57"]
[EventDate "2009.09.26"]

1. Nf3 c5 2. g3 Nc6 3. Bg2 e5 4. d3 Nf6 5. O-O d5 6. Nbd2 Be7 7. e4 h6 8. Re1
d4 9. Nc4 Qc7 10. a4 b6 11. Nfd2 Rb8 12. Rf1 Ng4 13. Nf3 Be6 14. b3 Nf6 15.
Nfxe5 Nxe5 16. Nxe5 Qxe5 17. Bf4 Qh5 18. Qxh5 Nxh5 19. Bxb8 a6 20. Bc7 Bd8 21.
Bxd8 Kxd8 22. f4 f5 23. Rfe1 g6 24. exf5 Bxf5 25. Be4 Ng7 26. Bxf5 Nxf5 27. Re6
Ne3 28. Rxb6 g5 29. Rb8+ 1-0

[Event "C.ti d'Italia"]
[Site "Arvier ITA"]
[Date "2009.10.03"]
[Round "8"]
[White "Reginato, Lino"]
[Black "Bitti, Sandro"]
[Result "0-1"]
[WhiteElo "1817"]
[BlackElo "1718"]
[PlyCount "100"]
[EventDate "2009.09.26"]

1. d4 d5 2. Nf3 c6 3. Bf4 Nf6 4. e3 Bf5 5. c4 h6 6. Nc3 e6 7. h3 Qb6 8. Qc1
Nbd7 9. c5 Qa5 10. a3 Be7 11. Be2 O-O 12. O-O Rfc8 13. b4 Qd8 14. b5 Ne4 15.
Nxe4 Bxe4 16. bxc6 Rxc6 17. Qb2 Bxf3 18. Bxf3 b6 19. Be2 bxc5 20. Bb5 Rb6 21.
dxc5 Nxc5 22. Qe2 a6 23. Bd3 Nxd3 24. Qxd3 Bd6 25. Qd4 Bxf4 26. Qxf4 Rc8 27. g3
Rc4 28. Qf3 a5 29. Qe2 Qc7 30. Ra2 a4 31. Kg2 Rb3 32. Rd1 Qc5 33. Rdd2 Rxa3 34.
Rab2 Rb3 35. Qd1 Rxb2 36. Rxb2 a3 37. Rb8+ Kh7 38. Qd3+ g6 39. Qb1 d4 40. Qb7
Qd5+ 41. Qxd5 exd5 42. exd4 Rxd4 43. Ra8 Rd3 44. Kf1 Rd1+ 45. Ke2 Ra1 46. Kd2
a2 47. Kc2 Rf1 48. Rxa2 Rxf2+ 49. Kb1 Rxa2 50. Kxa2 Kg7 0-1

[Event "C.ti d'Italia"]
[Site "Arvier ITA"]
[Date "2009.10.03"]
[Round "8"]
[White "Renzini, Lorenzo"]
[Black "Lisandri, Luigi"]
[Result "1-0"]
[WhiteElo "1767"]
[BlackElo "1480"]
[PlyCount "53"]
[EventDate "2009.09.26"]

1. c4 e5 2. Nc3 Nf6 3. g3 Bc5 4. Bg2 c6 5. e3 O-O 6. Nge2 Re8 7. O-O d6 8. d4
Bb6 9. d5 c5 10. e4 Bd7 11. f4 Bg4 12. fxe5 dxe5 13. Bg5 Nbd7 14. Qc1 Qb8 15.
Bxf6 Nxf6 16. Qg5 Bd8 17. Rxf6 Bxf6 18. Qxg4 Qd8 19. Qf5 g6 20. Qf2 b6 21. Rf1
Kg7 22. Nd1 Qe7 23. Ne3 Rad8 24. Nc3 Rd6 25. Nb5 Bg5 26. Nxd6 Bxe3 27. Nxe8+
1-0

[Event "C.ti d'Italia"]
[Site "Arvier ITA"]
[Date "2009.10.03"]
[Round "8"]
[White "Rossi, Giampiero"]
[Black "Reginato, Sabrina"]
[Result "1/2-1/2"]
[WhiteElo "1910"]
[BlackElo "1880"]
[PlyCount "122"]
[EventDate "2009.09.26"]

1. d4 Nf6 2. c4 e6 3. Nc3 Bb4 4. Qc2 d5 5. cxd5 exd5 6. Bg5 c5 7. e3 c4 8. Nf3
Nc6 9. Be2 O-O 10. O-O Bxc3 11. Qxc3 Qd6 12. Bxf6 Qxf6 13. a4 Qd6 14. b3 cxb3
15. Qxb3 Na5 16. Qa3 Qxa3 17. Rxa3 Bf5 18. Rc1 Rac8 19. Rac3 Rxc3 20. Rxc3 Rc8
21. Rxc8+ Bxc8 22. Nd2 Bd7 23. Bb5 Bxb5 24. axb5 Nc4 25. Nb1 Kf8 26. Nc3 Nb6
27. Kf1 Ke7 28. Ke2 Kd6 29. Kd3 f6 30. f3 Nd7 31. Na4 Kc7 32. Kc3 Kd6 33. Kb4
b6 34. Kc3 Nf8 35. Nb2 Ng6 36. Nd3 Nh4 37. Ne1 Ke6 38. g3 Nf5 39. Ng2 Kd6 40.
Kd3 Kd7 41. Nf4 Nd6 42. Nxd5 Nxb5 43. Nf4 Nd6 44. e4 b5 45. Kc3 a5 46. d5 a4
47. Ne6 Ne8 48. Kb4 Nc7 49. Nxg7 Na6+ 50. Ka3 Nc5 51. Nf5 Nb7 52. Nd4 Nd6 53.
Kb4 h6 54. f4 Nxe4 55. Nxb5 Nd2 56. Nd4 Nf1 57. Nf5 Nxh2 58. Nxh6 a3 59. Kxa3
Kd6 60. Kb3 Kxd5 61. Kc3 Ke4 1/2-1/2

[Event "C.ti d'Italia"]
[Site "Arvier ITA"]
[Date "2009.10.03"]
[Round "8"]
[White "Serrajotto, Marino"]
[Black "Fragni, Enrico"]
[Result "1-0"]
[WhiteElo "1733"]
[BlackElo "1767"]
[PlyCount "73"]
[EventDate "2009.09.26"]

1. f4 d6 2. Nf3 Bg4 3. b3 Nd7 4. Bb2 Ngf6 5. e3 e5 6. h3 Bxf3 7. Qxf3 c6 8. d3
Qc7 9. Nd2 Be7 10. Be2 h5 11. Nc4 b5 12. fxe5 bxc4 13. exf6 gxf6 14. dxc4 Qa5+
15. Kf2 Qc7 16. Bd3 Ne5 17. Bxe5 fxe5 18. Be4 Rc8 19. Bf5 Rd8 20. Be4 Rc8 21.
Rhd1 Rh6 22. Ke2 Qb6 23. Rf1 Rf6 24. Qxh5 Qd8 25. Rxf6 Bxf6 26. Qf5 Rc7 27. Rf1
Bg7 28. Bxc6+ Kf8 29. Bd5 Qe8 30. e4 a5 31. a4 Kg8 32. g4 Qe7 33. g5 Kf8 34. h4
Ke8 35. h5 f6 36. gxf6 Bxf6 37. Qxf6 1-0

[Event "C.ti d'Italia"]
[Site "Arvier ITA"]
[Date "2009.10.03"]
[Round "8"]
[White "Trifoni, Giorgio"]
[Black "Cattaneo, Roger"]
[Result "0-1"]
[WhiteElo "1639"]
[BlackElo "1506"]
[PlyCount "76"]
[EventDate "2009.09.26"]

1. Nf3 d5 2. d4 Nf6 3. e3 Bg4 4. h3 Bxf3 5. Qxf3 e6 6. c4 c5 7. cxd5 Qxd5 8.
Bb5+ Nc6 9. Qxd5 Nxd5 10. dxc5 Bxc5 11. a3 Nde7 12. b4 Bb6 13. Bb2 O-O 14. Nd2
a6 15. Ba4 Rfd8 16. Nf3 Ba7 17. O-O b5 18. Bc2 Ng6 19. Be4 Rac8 20. Rac1 Nce7
21. Bb7 Rb8 22. Rc7 Bb6 23. Be5 Nxe5 24. Rxe7 Nxf3+ 25. gxf3 Kf8 26. Rxf7+ Kxf7
27. Bxa6 Ra8 28. Bxb5 Rxa3 29. Bc6 Rd2 30. b5 Raa2 31. f4 Rxf2 32. Re1 Kf6 33.
Bd7 Rfd2 34. Bc6 Bxe3+ 35. Kf1 Bxf4 36. Kg1 Be3+ 37. Kf1 Bd4 38. Re4 Rf2+ 0-1

[Event "C.ti d'Italia"]
[Site "Arvier ITA"]
[Date "2009.10.04"]
[Round "9"]
[White "Barletta, Antonio"]
[Black "Bitti, Sandro"]
[Result "1/2-1/2"]
[WhiteElo "2039"]
[BlackElo "1718"]
[PlyCount "77"]
[EventDate "2009.09.26"]

1. e4 d5 2. exd5 Qxd5 3. Nc3 Qa5 4. Nf3 Nf6 5. d4 Ne4 6. Bd3 Nxc3 7. bxc3 g6 8.
Bd2 Bg7 9. h3 O-O 10. O-O c5 11. Re1 e6 12. Qe2 Nd7 13. Qe4 cxd4 14. cxd4 Qd5
15. Qh4 Nf6 16. Bg5 Nh5 17. Rad1 f5 18. Ne5 a6 19. Bc4 Qa5 20. Bb3 Qc7 21. Re2
Bf6 22. Rde1 Bxg5 23. Qxg5 Ng7 24. d5 Qd8 25. Qd2 exd5 26. Bxd5+ Be6 27. Bxe6+
Nxe6 28. Nxg6 hxg6 29. Qh6 Qg5 30. Qxg5 Nxg5 31. h4 Ne4 32. f3 Nc5 33. g4 fxg4
34. fxg4 Rf4 35. Rg2 Raf8 36. Re5 Ne4 37. h5 Kg7 38. hxg6 Kxg6 39. Re6+ 1/2-1/2

[Event "C.ti d'Italia"]
[Site "Arvier ITA"]
[Date "2009.10.04"]
[Round "9"]
[White "Bogatto, Mario"]
[Black "Reginato, Lino"]
[Result "0-1"]
[WhiteElo "1455"]
[BlackElo "1817"]
[PlyCount "94"]
[EventDate "2009.09.26"]

1. e4 d6 2. d4 Nd7 3. Nc3 c5 4. Nf3 a6 5. a4 cxd4 6. Nxd4 Ngf6 7. h3 g6 8. Be3
Bg7 9. Qd2 Nc5 10. Bd3 Bd7 11. O-O O-O 12. Bh6 Nxd3 13. Bxg7 Kxg7 14. cxd3 e5
15. Nde2 Bc6 16. f4 Nh5 17. Kh2 f5 18. exf5 Rxf5 19. Qe3 Qf6 20. g4 exf4 21.
Qd4 Re5 22. gxh5 g5 23. Rf2 Rae8 24. Raf1 Kh6 25. Nxf4 gxf4 26. Rxf4 Qg7 27.
Rf6+ Kxh5 28. Qg4+ Qxg4 29. hxg4+ Kxg4 30. Rg1+ Kh5 31. Rf7 h6 32. Rf6 R8e6 33.
Rgg6 Rxf6 34. Rxf6 d5 35. d4 Rg5 36. Re6 Kg4 37. Re5 Rxe5 38. dxe5 Kf5 39. e6
Kxe6 40. a5 d4 41. Nb1 d3 42. Nd2 Ke5 43. b4 Kd4 44. Kg1 Kc3 45. Nb1+ Kxb4 46.
Kf2 Kxa5 47. Ke3 Bb5 0-1

[Event "C.ti d'Italia"]
[Site "Arvier ITA"]
[Date "2009.10.04"]
[Round "9"]
[White "Cattaneo, Roger"]
[Black "Rossi, Giampiero"]
[Result "0-1"]
[WhiteElo "1506"]
[BlackElo "1910"]
[PlyCount "86"]
[EventDate "2009.09.26"]

1. d4 d5 2. Nf3 c6 3. Bf4 Bf5 4. e3 e6 5. a3 Nd7 6. Nbd2 Be7 7. c4 Ngf6 8. c5
h6 9. h4 Nh5 10. Be5 Nxe5 11. Nxe5 Nf6 12. Qb3 Qc7 13. Bd3 Bxd3 14. Qxd3 Bxc5
15. b4 Bd6 16. f4 Nd7 17. Ndf3 a6 18. Ke2 Nf6 19. g4 Ne4 20. Rh2 Rc8 21. Nd2
Nxd2 22. Qxd2 Bxe5 23. dxe5 c5 24. bxc5 Qxc5 25. Kf3 Qc3 26. Qb2 d4 27. Qxc3
Rxc3 28. Re2 O-O 29. Ke4 Rxe3+ 30. Rxe3 dxe3 31. Kxe3 Rc8 32. Kd3 b5 33. Rb1
Rc4 34. Rb4 Rc1 35. f5 Ra1 36. a4 Rxa4 37. Rxa4 bxa4 38. Kc3 exf5 39. gxf5 g6
40. fxg6 fxg6 41. Kb4 Kf7 42. Kxa4 g5 43. hxg5 hxg5 0-1

[Event "C.ti d'Italia"]
[Site "Arvier ITA"]
[Date "2009.10.04"]
[Round "9"]
[White "Lisandri, Luigi"]
[Black "Castaldo, Antonio"]
[Result "1/2-1/2"]
[WhiteElo "1480"]
[BlackElo "1730"]
[PlyCount "98"]
[EventDate "2009.09.26"]

1. c4 Nf6 2. b3 g6 3. Bb2 Bg7 4. e4 d6 5. Be2 O-O 6. Bf3 e5 7. Ne2 Nbd7 8. Ba3
h6 9. Nbc3 Nh7 10. Ng3 Ng5 11. Bg4 Nf6 12. Be2 Ne6 13. Qc1 Nf4 14. Bf1 Nh7 15.
Qc2 f5 16. O-O-O fxe4 17. Ngxe4 Bf5 18. f3 Ng5 19. d3 Nge6 20. Qf2 Bxe4 21.
Nxe4 Nd4 22. Bb2 c5 23. Bxd4 cxd4 24. Rd2 Rf7 25. h4 Rc8 26. Kb2 Ne6 27. Qe1
Nc5 28. Kb1 Rc6 29. Be2 Nxe4 30. dxe4 Rfc7 31. Qg3 Kh7 32. Qg4 h5 33. Qh3 b5
34. Rc2 b4 35. g4 Qf6 36. gxh5 gxh5 37. Qf5+ Qxf5 38. exf5 Rf7 39. Rg1 Rcc7 40.
Bd3 Rf6 41. Rg6 Rxg6 42. fxg6+ Kh6 43. Rg2 Rc8 44. Be4 Rf8 45. Kc2 Rf4 46. Rh2
Bf6 47. Rh3 Rxh4 48. Rxh4 Bxh4 49. Bf5 Bg5 1/2-1/2

[Event "C.ti d'Italia"]
[Site "Arvier ITA"]
[Date "2009.10.04"]
[Round "9"]
[White "Reginato, Sabrina"]
[Black "Badano, Giancarlo"]
[Result "1/2-1/2"]
[WhiteElo "1880"]
[BlackElo "1951"]
[PlyCount "131"]
[EventDate "2009.09.26"]

1. d4 d5 2. Nf3 Nf6 3. e3 g6 4. Bd3 Bg7 5. Nbd2 O-O 6. c3 b6 7. e4 dxe4 8. Nxe4
Bb7 9. Qc2 Nbd7 10. Bg5 Nxe4 11. Bxe4 Bxe4 12. Qxe4 Nf6 13. Bxf6 exf6 14. O-O
Re8 15. Qf4 Re2 16. Qc1 Qd7 17. Re1 Rae8 18. b3 Qf5 19. Qd1 Qb5 20. c4 Rxe1+
21. Nxe1 Qa5 22. Nf3 f5 23. a3 c5 24. b4 Qa6 25. Qb3 cxd4 26. Rd1 Rd8 27. Rd3
Qc8 28. h3 h6 29. Nh4 Qe6 30. Nf3 g5 31. c5 bxc5 32. bxc5 g4 33. Qxe6 fxe6 34.
hxg4 fxg4 35. Nd2 Rc8 36. Ne4 Rc7 37. Rb3 Kf7 38. Kf1 Bf8 39. Rb5 e5 40. Nd6+
Ke6 41. Ne4 Be7 42. Ke2 Rc6 43. Ra5 a6 44. Kd3 Kd5 45. Ra4 Bxc5 46. Ra5 h5 47.
g3 Rc7 48. Rxa6 Be7 49. a4 Rb7 50. Ra5+ Ke6 51. Ra6+ Kf5 52. Nd2 Bg5 53. Rc6
Bxd2 54. Kxd2 Ke4 55. Rc2 Rf7 56. Ke1 Kd3 57. Ra2 e4 58. a5 Kc4 59. a6 Ra7 60.
Ra4+ Kc5 61. Kd2 Kd5 62. Ra5+ Kc4 63. Ra4+ Kc5 64. Ke2 Kd5 65. Kd2 Kc5 66. Ke2
1/2-1/2

[Event "C.ti d'Italia"]
[Site "Arvier ITA"]
[Date "2009.10.04"]
[Round "9"]
[White "Renzini, Lorenzo"]
[Black "Trifoni, Giorgio"]
[Result "1-0"]
[WhiteElo "1767"]
[BlackElo "1639"]
[PlyCount "127"]
[EventDate "2009.09.26"]

1. c4 b6 2. Nf3 Bb7 3. Nc3 e6 4. e3 Ne7 5. d4 d6 6. Be2 Nd7 7. Qc2 g6 8. b3 Bg7
9. Bb2 a6 10. Na4 c5 11. dxc5 Bxb2 12. Qxb2 O-O 13. cxd6 Nf5 14. Rd1 Qb8 15.
O-O Bc6 16. Nc3 Nxd6 17. Nd4 Bb7 18. Bf3 Nc5 19. Nc6 Qc7 20. Ne5 Nde4 21. Nxe4
Nxe4 22. Rd7 Qc8 23. Qd4 Nc5 24. Bxb7 Nxb7 25. Qxb6 Nd8 26. Rfd1 h5 27. Rc7 Qb8
28. Qxb8 Rxb8 29. Nd7 Ra8 30. Nxf8 Kxf8 31. b4 e5 32. Rd6 Ne6 33. Rb7 Nd8 34.
Rbb6 a5 35. b5 Rc8 36. Kf1 Ke7 37. Rd2 Rxc4 38. Rbd6 Ne6 39. Rd7+ Kf6 40. Rb2
Rc8 41. Ke2 a4 42. Ra7 Rb8 43. b6 Nc5 44. Rb5 Ne4 45. Rc7 Nd6 46. Rb4 Ke6 47.
Ra7 e4 48. Raxa4 f5 49. Ra6 Nb7 50. Ra3 Rc8 51. Kd2 Kd6 52. Rc3 Ra8 53. Rd4+
Ke5 54. a4 Ra6 55. Rb3 Ke6 56. Rb5 Ra8 57. h4 Rc8 58. a5 Ra8 59. Ra4 Ra6 60.
Kc3 Kd6 61. Kd4 Kc6 62. Re5 Kd6 63. Rd5+ Kc6 64. Rc4+ 1-0

[Event "C.ti d'Italia"]
[Site "Arvier ITA"]
[Date "2009.10.04"]
[Round "9"]
[White "Roversi, Stefano"]
[Black "Giacomelli, Gianni"]
[Result "0-1"]
[WhiteElo "1824"]
[BlackElo "2093"]
[PlyCount "52"]
[EventDate "2009.09.26"]

1. e4 c6 2. d4 d5 3. Nc3 dxe4 4. Nxe4 Bf5 5. Ng3 Bg6 6. Nf3 Nd7 7. h4 h6 8. h5
Bh7 9. Bd3 Bxd3 10. Qxd3 Qc7 11. Rh4 e6 12. Bf4 Qa5+ 13. Kf1 Be7 14. Bd2 Qc7
15. Re4 Ngf6 16. Re2 O-O-O 17. b4 Nd5 18. b5 c5 19. Qa3 Kb8 20. Qc1 c4 21. Ne5
Nxe5 22. dxe5 c3 23. Be3 Rd7 24. Rb1 Rhd8 25. Rb3 Qc4 26. b6 Nxe3+ 0-1

[Event "C.to Italiano Semifinale"]
[Site "Arvier ITA"]
[Date "2009.09.26"]
[Round "1"]
[White "Astengo, Marcello"]
[Black "Ortega, Lexy"]
[Result "0-1"]
[WhiteElo "2134"]
[BlackElo "2437"]
[PlyCount "61"]
[EventDate "2009.09.26"]

1. d4 d5 2. c4 c6 3. Nc3 dxc4 4. e3 b5 5. a4 b4 6. Na2 e6 7. Bxc4 Nf6 8. Nf3
Nbd7 9. O-O Bb7 10. Bd2 a5 11. Nc1 c5 12. Nb3 Be7 13. dxc5 O-O 14. Rc1 Ne4 15.
Bxe6 fxe6 16. c6 Ba6 17. cxd7 Bxf1 18. Be1 Ba6 19. Ne5 Bb7 20. f3 Nf6 21. Qd4
Bd5 22. Nc5 Bxc5 23. Rxc5 Nxd7 24. Rxd5 exd5 25. Qxd5+ Kh8 26. Qxd7 Qxd7 27.
Nxd7 Rfd8 28. Nb6 Ra6 29. Nc4 Rd1 30. Kf1 Rc6 31. b3 0-1

[Event "C.to Italiano Semifinale"]
[Site "Arvier ITA"]
[Date "2009.09.26"]
[Round "1"]
[White "Bentivegna, Francesco"]
[Black "Messina, Giuseppe Ottavio"]
[Result "1/2-1/2"]
[WhiteElo "2349"]
[BlackElo "2076"]
[PlyCount "81"]
[EventDate "2009.09.26"]

1. d4 d5 2. c4 e6 3. Nc3 c6 4. e4 dxe4 5. Nxe4 Bb4+ 6. Nc3 Nf6 7. Nf3 c5 8. a3
Ba5 9. dxc5 Bxc3+ 10. bxc3 Qxd1+ 11. Kxd1 Na6 12. Be3 Ne4 13. c6 bxc6 14. Kc2
O-O 15. Ne5 f6 16. Nd3 f5 17. f3 Nd6 18. Nb4 f4 19. Bf2 e5 20. c5 Bf5+ 21. Kb2
Nxb4 22. axb4 Nf7 23. Bc4 Rfd8 24. Rhd1 Rxd1 25. Rxd1 a5 26. Ra1 a4 27. Bb3 e4
28. fxe4 Bxe4 29. Rxa4 Rxa4 30. Bxa4 Ne5 31. Bd4 Nc4+ 32. Kc1 Bxg2 33. b5 cxb5
34. Bxb5 Na5 35. Kd1 Kf7 36. Ke2 g5 37. Kf2 Bd5 38. Be5 Ke6 39. Bc7 Bc6 40. Bd3
Nb7 41. Bxh7 1/2-1/2

[Event "C.to Italiano Semifinale"]
[Site "Arvier ITA"]
[Date "2009.09.26"]
[Round "1"]
[White "Genocchio, Daniele"]
[Black "Martorelli, Antonio"]
[Result "1-0"]
[WhiteElo "2455"]
[BlackElo "2228"]
[PlyCount "57"]
[EventDate "2009.09.26"]

1. e4 c5 2. Nf3 e6 3. Qe2 Nc6 4. g3 g6 5. Bg2 Bg7 6. O-O Nge7 7. Re1 d6 8. c3
Rb8 9. Na3 O-O 10. d4 cxd4 11. cxd4 Bxd4 12. Nb5 Bg7 13. Rd1 d5 14. Bf4 e5 15.
exd5 exf4 16. dxc6 Qb6 17. c7 Ra8 18. Qxe7 Qxb5 19. Rd8 fxg3 20. hxg3 Bf5 21.
Nd4 Qa5 22. Bd5 Bg4 23. Bxf7+ Kh8 24. Ne6 Bxe6 25. Rxa8 Bc8 26. Be6 Qb6 27.
Qxf8+ Bxf8 28. Rxc8 Kg7 29. Rxf8 1-0

[Event "C.to Italiano Semifinale"]
[Site "Arvier ITA"]
[Date "2009.09.26"]
[Round "1"]
[White "Govoni, Fausto"]
[Black "Rombaldoni, Axel"]
[Result "1-0"]
[WhiteElo "2210"]
[BlackElo "2451"]
[PlyCount "113"]
[EventDate "2009.09.26"]

1. e4 c5 2. Nc3 Nc6 3. f4 e6 4. Nf3 d5 5. d3 f5 6. exd5 exd5 7. d4 Nf6 8. Be3
c4 9. g3 Be7 10. Be2 O-O 11. O-O Ng4 12. Bc1 Rb8 13. h3 Nf6 14. Be3 b5 15. Ne5
Qb6 16. Bf3 Be6 17. Bf2 Rfd8 18. Ne2 a5 19. g4 Ne4 20. Bxe4 dxe4 21. d5 e3 22.
Nxc6 exf2+ 23. Kh2 Bc5 24. Nxd8 Rxd8 25. dxe6 Rxd1 26. Raxd1 Qxe6 27. Nd4 Qe4
28. c3 Qxf4+ 29. Kg2 fxg4 30. hxg4 Bd6 31. Ne2 Qxg4+ 32. Kxf2 Be7 33. Nd4 Bh4+
34. Ke3 Bg5+ 35. Kf2 Bh4+ 36. Ke3 Qg5+ 37. Kf3 Qg3+ 38. Ke4 Qg2+ 39. Rf3 g5 40.
Ke5 Bg3+ 41. Kf6 Bc7 42. Ke7 h6 43. Re1 Kh7 44. Re6 Bf4 45. Kf6 Qg4 46. Re7+
Kg8 47. Re8+ Kh7 48. Ne6 Bd6 49. Rf5 Qh4 50. Nf8+ Bxf8 51. Rxf8 g4+ 52. Ke6 g3
53. R5f7+ Kg6 54. Rg8+ Kh5 55. Rf5+ Qg5 56. Rfxg5+ hxg5 57. Kf5 1-0

[Event "C.to Italiano Semifinale"]
[Site "Arvier ITA"]
[Date "2009.09.26"]
[Round "1"]
[White "Marguerettaz, Davy"]
[Black "Sibilio, Mario"]
[Result "0-1"]
[WhiteElo "2049"]
[BlackElo "2345"]
[PlyCount "120"]
[EventDate "2009.09.26"]

1. d4 Nf6 2. Nf3 d5 3. Bf4 c5 4. e3 Nc6 5. c3 Nh5 6. dxc5 Nxf4 7. exf4 e6 8. b4
Qf6 9. Qd2 a5 10. b5 Nd8 11. Qd4 Qe7 12. c6 bxc6 13. bxc6 Nxc6 14. Bb5 Bd7 15.
Bxc6 Bxc6 16. Ne5 Qc7 17. O-O f6 18. Nd3 Qa7 19. Re1 Kf7 20. f5 exf5 21. Qf4
Qd7 22. Nd2 Bd6 23. Qd4 Rhe8 24. Nc5 Qa7 25. Ncb3 Rxe1+ 26. Rxe1 a4 27. Qxa7+
Rxa7 28. Nd4 Bd7 29. Rb1 Rc7 30. Nb5 Bxb5 31. Rxb5 Rxc3 32. Rxd5 Rc1+ 33. Nf1
Ke6 34. Rd4 a3 35. g3 Rc2 36. Rd2 Rxd2 37. Nxd2 Bb4 38. Nb3 Kd5 39. Kf1 f4 40.
Ke2 fxg3 41. fxg3 Ke4 42. Nc1 h5 43. Nd3 Bd6 44. Nf2+ Kd4 45. Kf3 f5 46. Nh3
Kc3 47. Ke2 g6 48. Ke3 h4 49. gxh4 Bxh2 50. Ng5 Be5 51. Nf3 Bf6 52. Ke2 f4 53.
Ke1 Kd3 54. Kf2 Bd4+ 55. Kf1 Ke3 56. Kg2 Bf6 57. Ne1 Kd2 58. Kf1 Kc3 59. Ng2
Kb2 60. Nxf4 Kxa2 0-1

[Event "C.to Italiano Semifinale"]
[Site "Arvier ITA"]
[Date "2009.09.26"]
[Round "1"]
[White "Parrella, Alfredo"]
[Black "Valsecchi, Alessio"]
[Result "0-1"]
[WhiteElo "2089"]
[BlackElo "2361"]
[PlyCount "126"]
[EventDate "2009.09.26"]

1. d4 Nf6 2. c4 c5 3. d5 e6 4. Nc3 exd5 5. cxd5 d6 6. e4 g6 7. f4 Bg7 8. Bb5+
Nfd7 9. a4 O-O 10. Nf3 a6 11. Bd3 Qc7 12. O-O c4 13. Bc2 Re8 14. Ra3 Nf6 15. h3
Nbd7 16. Re1 Rb8 17. a5 b5 18. axb6 Qxb6+ 19. Kh2 Nh5 20. Re2 Nc5 21. Na4 Nxa4
22. Bxa4 Rd8 23. Bc6 a5 24. Qa4 Ba6 25. Qxa5 c3 26. Qxa6 cxb2 27. Bxb2 Bxb2 28.
Qxb6 Rxb6 29. Ra2 Bc1 30. g3 Rb3 31. Kg2 Rdb8 32. Rec2 Rxf3 33. Kxf3 Rb3+ 34.
Kf2 Be3+ 35. Kg2 Bb6 36. f5 Rxg3+ 37. Kh2 Bg1+ 38. Kh1 Bd4 39. fxg6 hxg6 40.
Bd7 Nf6 41. Ra4 Rg1+ 42. Kh2 Rd1 43. Bg4 Rd3 44. Re2 Kg7 45. Kg2 Kh6 46. Rc4
Kg5 47. Rc7 Nxg4 48. hxg4 f6 49. Rg7 Be5 50. Rg8 Rg3+ 51. Kh1 Rxg4 52. Rg2 Bg3
53. Kg1 Kf4 54. Re8 Kf3 55. Kf1 Be5 56. Rxg4 Kxg4 57. Ke2 Kf4 58. Kd3 g5 59.
Rg8 Kf3 60. Ra8 g4 61. Rc8 g3 62. Rc2 g2 63. Rc1 Bh2 0-1

[Event "C.to Italiano Semifinale"]
[Site "Arvier ITA"]
[Date "2009.09.26"]
[Round "1"]
[White "Piscopo, Pierluigi"]
[Black "Ricci, Marco"]
[Result "1-0"]
[WhiteElo "2432"]
[BlackElo "2128"]
[PlyCount "71"]
[EventDate "2009.09.26"]

1. e4 e6 2. Qe2 c5 3. Nf3 Nc6 4. g3 Be7 5. Bg2 d5 6. d3 Nf6 7. O-O O-O 8. e5
Nd7 9. c4 f6 10. exf6 Nxf6 11. Re1 Bd6 12. Nc3 d4 13. Ne4 Nxe4 14. Qxe4 Qf6 15.
Qe2 e5 16. Ng5 Bg4 17. Ne4 Qg6 18. f3 Bd7 19. Bd2 Rae8 20. a3 b6 21. b4 Bf5 22.
b5 Nd8 23. a4 Nf7 24. a5 Bc7 25. axb6 Bxb6 26. Ra3 Nd6 27. Nxd6 Qxd6 28. f4 Re7
29. Bd5+ Kh8 30. fxe5 Qb8 31. Bg5 Ree8 32. e6 Bc7 33. e7 Rf6 34. Bxf6 gxf6 35.
Qf3 Qc8 36. Re6 1-0

[Event "C.to Italiano Semifinale"]
[Site "Arvier ITA"]
[Date "2009.09.26"]
[Round "1"]
[White "Pompilio, Gaetano"]
[Black "De Santis, Alessio"]
[Result "0-1"]
[WhiteElo "1927"]
[BlackElo "2309"]
[PlyCount "86"]
[EventDate "2009.09.26"]

1. e3 g6 2. d4 Bg7 3. Bd3 d6 4. f4 e5 5. Nf3 Nc6 6. c3 Qe7 7. fxe5 dxe5 8. d5
e4 9. dxc6 exd3 10. cxb7 Bxb7 11. Qxd3 Bxf3 12. gxf3 Qh4+ 13. Ke2 Ne7 14. Qe4
Qxe4 15. fxe4 Nc8 16. Kd3 Nd6 17. Nd2 O-O-O 18. Kc2 Rhe8 19. Rf1 Rd7 20. b3
Nxe4 21. Nxe4 Rxe4 22. Bd2 Be5 23. h3 f5 24. Rf3 c5 25. Rh1 c4 26. h4 h5 27.
Rf2 Rg4 28. bxc4 Rc7 29. Kd3 Rcxc4 30. Rf4 Bxf4 31. Kxc4 Bg3+ 32. Kd5 Bxh4 33.
c4 Bf2 34. Rh3 Rg3 35. Rh2 Bg1 36. Rh1 Rg2 37. Bc1 Rg4 38. Rh3 Bf2 39. Bb2 Rg3
40. Rxg3 Bxg3 41. e4 h4 42. e5 h3 43. e6 h2 0-1

[Event "C.to Italiano Semifinale"]
[Site "Arvier ITA"]
[Date "2009.09.26"]
[Round "1"]
[White "Sarno, Spartaco"]
[Black "Rota, Simone"]
[Result "1-0"]
[WhiteElo "2324"]
[BlackElo "2025"]
[PlyCount "119"]
[EventDate "2009.09.26"]

1. d4 d5 2. Nf3 e6 3. c4 c6 4. Nc3 Nf6 5. cxd5 exd5 6. Bg5 Be7 7. Qc2 O-O 8. e3
Nbd7 9. Bd3 Re8 10. O-O Nf8 11. Rab1 Ng6 12. b4 a6 13. a4 b6 14. a5 b5 15. Na2
Bb7 16. Bxf6 Bxf6 17. Nc1 Nf8 18. Nb3 Be7 19. Nc5 Bxc5 20. Qxc5 Nd7 21. Qc2 h6
22. Rb3 Qe7 23. Bh7+ Kh8 24. Bf5 Rad8 25. Rc1 g6 26. Bxd7 Rxd7 27. Ne5 Rc7 28.
Qb1 Kg7 29. Rc5 Rd8 30. Rbc3 Rd6 31. Qc2 Qe8 32. h4 f6 33. Nd3 Qe4 34. Nf4 Qxc2
35. Rxc2 Rcd7 36. R5c3 Ba8 37. f3 g5 38. Nd3 Kf7 39. Kf2 Ra7 40. Nc5 Ke7 41.
Rc1 Rd8 42. hxg5 fxg5 43. Rh1 Rh8 44. Nd3 Kd6 45. Rh5 Rah7 46. Ne5 Bb7 47. Rc1
Kc7 48. Rch1 Bc8 49. Ng6 Rg8 50. Rxh6 Rhg7 51. Ne5 Bd7 52. Rc1 Rc8 53. Rc3 Be8
54. Rh8 Kb7 55. Rc1 Ka7 56. Rch1 Kb7 57. R1h7 Rxh7 58. Rxh7+ Rc7 59. Rxc7+ Kxc7
60. Kg3 1-0